Welcome to CU Library Online Public Access Catalogue (OPAC)

FULL LIFE BIBLE COMMENTARY TO THE NEW TESTAMENT; (Record no. 6811)

MARC details
000 -LEADER
fixed length control field 00539nam a22001457a 4500
005 - DATE AND TIME OF LATEST TRANSACTION
control field 20250702152241.0
008 - FIXED-LENGTH DATA ELEMENTS--GENERAL INFORMATION
fixed length control field 250702b |||||||| |||| 00| 0 eng d
020 ## - INTERNATIONAL STANDARD BOOK NUMBER
International Standard Book Number 9780310201182
050 ## - LIBRARY OF CONGRESS CALL NUMBER
Classification number BS2341
Item number .2 FUL
245 ## - TITLE STATEMENT
Title FULL LIFE BIBLE COMMENTARY TO THE NEW TESTAMENT;
Remainder of title AN INTERNATIONAL COMMENTARY FOR SPIRIT-FILLED CHRISTIANS
Statement of responsibility, etc. EDITED BY FRENCH L. ARRINGTON AND ROGER STRONSTAD
260 ## - PUBLICATION, DISTRIBUTION, ETC.
Place of publication, distribution, etc. MICHIGAN
Name of publisher, distributor, etc. ZONDERVAN PUBLISHING HOUSE
Date of publication, distribution, etc. c1999
300 ## - PHYSICAL DESCRIPTION
Extent xii,1629p
700 ## - ADDED ENTRY--PERSONAL NAME
Personal name FRENCH L. ARRINGTON AND ROGER STRONSTAD
942 ## - ADDED ENTRY ELEMENTS (KOHA)
Source of classification or shelving scheme Library of Congress Classification
Koha item type Books
Suppress in OPAC No
999 ## -
-- 6811
-- 6811
Holdings
Withdrawn status Lost status Source of classification or shelving scheme Damaged status Not for loan Collection Home library Current library Shelving location Date acquired Total checkouts Full call number Barcode Date last seen Copy number Price effective from Koha item type
    Library of Congress Classification     Non-fiction Undergraduate Library (Christ Temple) Undergraduate Library (Christ Temple) General stacks 07/02/2025   BS2341.2 FUL ulct00003659 07/02/2025 1 07/02/2025 Books
© 2023-2024 Copyright: Central University Libraries. All Rights Reserved | Created by: Mahone Tech Office